• 首页
  • 本馆介绍
  • 公告通知
  • 最新文献
  • 馆藏检索
  • 电子资源
  • 读者导购
  • 参考咨询
  • 我的图书馆
  • 登录
  • 详细信息显示
  • 放入我的书架
  • 预约/预借图书
  • 作者相关作品
  • 分类相关作品
  • 丛书相关作品
  • 出版社相关作品

书目信息

  • 表格格式
  • 工作单格式
  • 卡片格式
题名:
中国传统工艺全集
    
 
作者: 路甬祥 总主编 ;汤兆基 主编
分册:   雕塑
出版信息: 郑州   大象出版社  2005
页数: 481页
开本: 33cm
丛书名:
单 册:
中图分类: J309.2 , TS95-092
科图分类:
主题词: 手工业--技术史--中国 , 技术史 , 雕塑史--中国 , 雕塑史 , 雕塑理论
电子资源:
ISBN: 7-5347-3315-4
000 01115nam0 2200313 450
001 002964755
005 20070806174842.90
010    @a7-5347-3315-4@b精装@dCNY497.00
100    @a20050119d2005 em y0chiy0110 ea
101 0  @achi@deng@eeng
102    @aCN@b410000
105    @aa z 000yy
200 1  @a中国传统工艺全集@9zhong guo chuan tong gong yi quan ji@i雕塑@f路甬祥总主编@g汤兆基主编
210    @a郑州@c大象出版社@d2005
215    @a481页@c图@d33cm
300    @a中国科学院“九五”重大科研项目 国家新闻出版署“九五”重点图书出版项目 中国科学院和大象出版社共同资助编纂出版 中国科学院自然史研究所主办
308    @a丛书第一辑
330    @a全书分32章,介绍了中国的传统雕琢工艺、传统刻镂工艺、传统雕塑工艺、玉雕工艺、石雕工艺、彩石雕刻工艺、白木雕工艺等。
606 0  @a手工业@x技术史@y中国
606 0  @a技术史
606 0  @a雕塑史@y中国
606 0  @a雕塑史
606 0  @a雕塑理论
690    @aJ309.2@v4
690    @aTS95-092@v4
701  0 @a路甬祥@9lu yong xiang@f(1942~)@4总主编
702  0 @a汤兆基@9tang zhao ji@f(1942~)@4主编
801  0 @aCN@bNLC@c20070806
905    @a10447@dJ309.2@e28
    
    中国传统工艺全集.雕塑/路甬祥总主编/汤兆基主编.-郑州:大象出版社,2005
    481页:图;33cm
    中国科学院“九五”重大科研项目 国家新闻出版署“九五”重点图书出版项目 中国科学院和大象出版社共同资助编纂出版 中国科学院自然史研究所主办
    
    ISBN 7-5347-3315-4(精装):CNY497.00
    全书分32章,介绍了中国的传统雕琢工艺、传统刻镂工艺、传统雕塑工艺、玉雕工艺、石雕工艺、彩石雕刻工艺、白木雕工艺等。
●
相关链接 在E读中查询图书 在五车中查询图书 在当当中查询图书 在豆瓣中查询图书


正题名:中国传统工艺全集     索取号:J309.2/28         预约/预借

序号 登录号 条形码 馆藏地/架位号 状态 备注
1 0804341   208043419   第一样本阅览室/ [索取号:J309.2/28] 在馆    
2 0804342   208043428   第一借阅区/ [索取号:J309.2/28] 在馆    
唐山师范学院图书馆 欢迎您!
大连网信软件有限公司© 版权所有